000 00921cab a2200253 4500
001 ABS52378
008 090401t1995 xxu||||| |||| 00| 0 eng d
035 _a(Sirsi) u75254
041 _aeng
100 _aTutcher, S.
245 _aFiguring out the implications of the 1995 rates revaluation
260 _c1995
350 _a0
490 _aProperty Week
_v50(5) 2 February 1995, 36(1)
520 _aAssesses the overall implications of the 1995 rates revaluation following publication of draft rating lists and the proposed transitional arrangements outlined in the "Non-Domestic Rating (Chargeable Amounts) Regulations 1994." Table shows impact on rateable values by region.
650 _aBUSINESS RATES
650 _aPHASING
650 _aRATEABLE VALUES
650 _aRATING REVALUATION 1995
650 _aTRANSITIONAL RELIEF
690 _aRATING AND VALUATION
942 _n0
948 _c04/03/1997
999 _c47412
_d47412